000
00318nam a2200145Ia 4500
100
_a
Ghildyal/C.D/ Balkrishna/S
490
_v
1
942
_c
BK
654
_a
numerical
245
_a
Numerical Analysis
260
_b
Macmillan India Ltd.
_a
Delhi
_c
1985
082
_a
519.4
_b
GHI
300
_a
144
546
_a
ENGLISH
999
_c
20760
_d
20760